[Event "Gelendzhik Rapid op"]
[Site "Gelendzhik"]
[Date "2023.05.28"]
[Round "7"]
[White "Glukhov, Mikhail"]
[Black "Yumshanov, Leonid"]
[Result "1/2-1/2"]
[WhiteElo "2100"]
[BlackElo "1859"]
[PlyCount "77"]
[EventDate "2023.05.27"]
[EventType "swiss (rapid)"]
[EventRounds "11"]
[EventCountry "RUS"]
[SourceTitle "CBM 214 Extra"]
[Source "ChessBase"]
[SourceDate "2023.07.31"]
[SourceVersion "1"]
[SourceVersionDate "2023.07.31"]
[SourceQuality "1"]

1. d4 d5 2. c4 c6 3. Nf3 Nf6 4. e3 Bf5 5. Bd3 Bxd3 6. Qxd3 e6 7. Nbd2 Nbd7 8. 0-0 Be7 9. b3 0-0 10. Bb2 a5 11. c5 b6 12. cxb6 Qxb6 13. Rfc1 Rfc8 14. Ne5 Nxe5 15. dxe5 Nd7 16. Bd4 c5 17. Bc3 a4 18. f4 axb3 19. axb3 g6 20. Kf2 Qb7 21. Rxa8 Rxa8 22. Ra1 Rxa1 23. Bxa1 Qa7 24. Bc3 h5 25. Ke2 Qb7 26. e4 Nb8 27. exd5 Qxd5 28. Qxd5 exd5 29. Kd3 Nc6 30. g3 Kf8 31. h3 Ke8 32. g4 hxg4 33. hxg4 Kd7 34. Nf3 Ke6 35. Be1 Bd8 36. Bf2 Be7 37. Be1 Bd8 38. Bf2 Be7 39. Be1 1/2-1/2

[Event "Gelendzhik Rapid op"]
[Site "Gelendzhik"]
[Date "2023.05.27"]
[Round "2"]
[White "Yumshanov, Leonid"]
[Black "Nesterov, Arseniy"]
[Result "0-1"]
[WhiteElo "1859"]
[BlackElo "2568"]
[PlyCount "81"]
[EventDate "2023.05.27"]
[EventType "swiss (rapid)"]
[EventRounds "11"]
[EventCountry "RUS"]
[SourceTitle "CBM 214 Extra"]
[Source "ChessBase"]
[SourceDate "2023.07.31"]
[SourceVersion "1"]
[SourceVersionDate "2023.07.31"]
[SourceQuality "1"]

1. d4 Nf6 2. c4 e6 3. Nc3 d5 4. cxd5 exd5 5. Bg5 Bb4 6. Qa4+ Nc6 7. e3 h6 8. Bxf6 Qxf6 9. Bb5 0-0 10. Nge2 a5 11. 0-0 Ne7 12. Bd3 c6 13. a3 Bd6 14. e4 Qg6 15. Qc2 dxe4 16. Nxe4 Bf5 17. Rad1 Rfd8 18. Nxd6 Rxd6 19. Bxf5 Nxf5 20. Qc5 Rd5 21. Qc3 Qf6 22. Rd2 Rad8 23. Rfd1 b6 24. h3 R8d7 25. Rc1 c5 26. Qf3 Nxd4 27. Qxf6 gxf6 28. Nxd4 Rxd4 29. Rxd4 Rxd4 30. Kf1 Rd2 31. b3 Rb2 32. Rc3 f5 33. g3 Kg7 34. Kg2 Kf6 35. Kf3 Ke5 36. Rd3 b5 37. h4 Ra2 38. b4 axb4 39. axb4 c4 40. Rd8 Rb2 41. Ke3 0-1

[Event "Olginka Orbit op"]
[Site "Olginka"]
[Date "2022.08.24"]
[Round "9"]
[White "Yumshanov, Leonid"]
[Black "Afonasieva, Anna"]
[Result "0-1"]
[WhiteElo "1871"]
[BlackElo "2152"]
[PlyCount "116"]
[EventDate "2022.08.16"]
[EventType "swiss"]
[EventRounds "9"]
[EventCountry "RUS"]
[SourceTitle "CBM 209 Extra"]
[Source "ChessBase"]
[SourceDate "2022.09.30"]
[SourceVersion "1"]
[SourceVersionDate "2022.09.30"]
[SourceQuality "1"]

1. c4 c6 2. d4 d5 3. Nf3 Nf6 4. e3 e6 5. Nbd2 Nbd7 6. Bd3 Bd6 7. 0-0 0-0 8. e4 dxe4 9. Nxe4 Nxe4 10. Bxe4 h6 11. Bd2 e5 12. dxe5 Nxe5 13. Bc3 Nxf3+ 14. Qxf3 Qg5 15. Bc2 Qh4 16. g3 Qxc4 17. Be4 Be6 18. Rfd1 Be7 19. Rac1 Rfd8 20. Bd4 Qb5 21. h4 Rd7 22. Bc3 Rad8 23. Rxd7 Rxd7 24. a3 Rd8 25. Re1 Bf8 26. Bc2 Qd5 27. Be4 Qc4 28. Kh2 Bd5 29. Bxd5 Qxd5 30. Qxd5 cxd5 31. Bd4 b6 32. Rc1 Bd6 33. Rc6 f6 34. Kg2 Kf7 35. Kf3 Ke7 36. Ke2 Kd7 37. Rc2 Re8+ 38. Kd3 Re1 39. Kd2 Re4 40. Kd3 Re1 41. Kd2 Rb1 42. Ke3 Be5 43. Bxe5 fxe5 44. g4 Re1+ 45. Kd3 e4+ 46. Kd4 Kd6 47. Rc8 Rd1+ 48. Ke3 Rd3+ 49. Ke2 Rb3 50. g5 hxg5 51. hxg5 Rxb2+ 52. Ke1 Rb1+ 53. Kd2 Rg1 54. Ra8 a5 55. Rd8+ Kc5 56. Rc8+ Kd4 57. Rb8 Rxg5 58. Rxb6 Rg2 0-1

[Event "Gelendzhik op"]
[Site "Gelendzhik"]
[Date "2022.05.22"]
[Round "5"]
[White "Voit, Daria"]
[Black "Yumshanov, Leonid"]
[Result "1/2-1/2"]
[WhiteElo "2350"]
[BlackElo "1842"]
[PlyCount "58"]
[EventDate "2022.05.18"]
[EventType "swiss"]
[EventRounds "9"]
[EventCountry "RUS"]
[SourceTitle "CBM 208 Extra"]
[Source "ChessBase"]
[SourceDate "2022.07.31"]
[SourceVersion "1"]
[SourceVersionDate "2022.07.31"]
[SourceQuality "1"]

1. d4 d5 2. c4 c6 3. Nf3 Nf6 4. e3 Bf5 5. Nc3 e6 6. Nh4 Bg6 7. Be2 Nbd7 8. g3 dxc4 9. Bxc4 Bh5 10. Be2 Bxe2 11. Qxe2 Bb4 12. 0-0 0-0 13. Nf3 Qe7 14. a3 Bxc3 15. bxc3 e5 16. a4 e4 17. Nd2 Qe6 18. Ba3 Rfc8 19. Kg2 c5 20. Rfb1 Rab8 21. c4 Ne8 22. d5 Qf5 23. Bb2 Nd6 24. h3 h5 25. Kh2 Ne5 26. Bxe5 Qxe5 27. Ra2 g6 28. Kg2 Kg7 29. Qd1 h4 1/2-1/2

[Event "Gelendzhik op"]
[Site "Gelendzhik"]
[Date "2022.05.21"]
[Round "4"]
[White "Potapova, Margarita"]
[Black "Yumshanov, Leonid"]
[Result "1/2-1/2"]
[WhiteElo "2249"]
[BlackElo "1842"]
[PlyCount "58"]
[EventDate "2022.05.18"]
[EventType "swiss"]
[EventRounds "9"]
[EventCountry "RUS"]
[SourceTitle "CBM 208 Extra"]
[Source "ChessBase"]
[SourceDate "2022.07.31"]
[SourceVersion "1"]
[SourceVersionDate "2022.07.31"]
[SourceQuality "1"]

1. d4 d5 2. c4 c6 3. Nf3 Nf6 4. e3 Bf5 5. Nc3 e6 6. Nh4 Bg6 7. Nxg6 hxg6 8. Bd3 Nbd7 9. 0-0 Be7 10. b3 a5 11. Bb2 0-0 12. Qe2 Re8 13. Rfd1 Bb4 14. Rac1 Qe7 15. Ba1 Red8 16. h3 Nb6 17. Nb1 dxc4 18. bxc4 a4 19. c5 Nbd5 20. a3 Ba5 21. g3 Qd7 22. e4 Ne7 23. Bc2 b5 24. cxb6 Bxb6 25. Nc3 Bxd4 26. Kg2 c5 27. e5 Qc6+ 28. Kh2 Bxc3 29. Bxc3 Nfd5 1/2-1/2

[Event "Gelendzhik op"]
[Site "Gelendzhik"]
[Date "2022.05.20"]
[Round "3"]
[White "Yumshanov, Leonid"]
[Black "Zakaryan, David"]
[Result "1/2-1/2"]
[WhiteElo "1842"]
[BlackElo "2313"]
[PlyCount "131"]
[EventDate "2022.05.18"]
[EventType "swiss"]
[EventRounds "9"]
[EventCountry "RUS"]
[SourceTitle "CBM 208 Extra"]
[Source "ChessBase"]
[SourceDate "2022.07.31"]
[SourceVersion "1"]
[SourceVersionDate "2022.07.31"]
[SourceQuality "1"]

1. d4 Nf6 2. c4 g6 3. Nc3 d5 4. cxd5 Nxd5 5. e4 Nxc3 6. bxc3 Bg7 7. Nf3 c5 8. Be3 Qa5 9. Nd2 Qc7 10. Bb5+ Bd7 11. Be2 0-0 12. 0-0 Rd8 13. Rb1 cxd4 14. cxd4 Nc6 15. Nb3 Be8 16. Qc1 e6 17. Rd1 Qe7 18. Bg5 f6 19. Bh6 Rac8 20. Bxg7 Nxd4 21. Nxd4 Rxc1 22. Rbxc1 Rxd4 23. Rxd4 Kxg7 24. Rdc4 Bc6 25. e5 Qa3 26. Bf3 Bxf3 27. Rc7+ Kh6 28. R1c3 Qa5 29. gxf3 Qxe5 30. R3c4 Qd5 31. Rb4 Qxf3 32. Rbxb7 Qd1+ 33. Kg2 Qd5+ 34. Kg3 Qe5+ 35. Kg2 Qe4+ 36. Kg1 Qg4+ 37. Kf1 Qd1+ 38. Kg2 Qd5+ 39. Kg3 Qe5+ 40. Kg2 a5 41. Rxh7+ Kg5 42. Rb3 Qd5+ 43. Kg3 Qd6+ 44. Kg2 Qc6+ 45. Kg3 Qd6+ 46. Kg2 Qd5+ 47. Kg3 Qe5+ 48. Kg2 Qe4+ 49. Kg1 a4 50. Rg3+ Kf5 51. a3 g5 52. h4 Kf4 53. Rh6 Qb1+ 54. Kg2 Qb7+ 55. Kg1 Kf5 56. hxg5 fxg5 57. Rh5 Qb1+ 58. Kg2 Qe4+ 59. Kg1 Qf4 60. Kg2 Qe4+ 61. Kg1 Qb1+ 62. Kg2 Qb7+ 63. Kg1 Qg7 64. Rhxg5+ Qxg5 65. Rxg5+ Kxg5 66. f3 1/2-1/2

[Event "Gelendzhik op"]
[Site "Gelendzhik"]
[Date "2022.05.19"]
[Round "2"]
[White "Yumshanov, Leonid"]
[Black "Yarikov, Artem"]
[Result "1/2-1/2"]
[WhiteElo "1842"]
[BlackElo "1995"]
[PlyCount "25"]
[EventDate "2022.05.18"]
[EventType "swiss"]
[EventRounds "9"]
[EventCountry "RUS"]
[SourceTitle "CBM 208 Extra"]
[Source "ChessBase"]
[SourceDate "2022.07.31"]
[SourceVersion "1"]
[SourceVersionDate "2022.07.31"]
[SourceQuality "1"]

1. d4 Nf6 2. c4 e6 3. Nc3 Bb4 4. e3 c5 5. Nge2 d6 6. a3 Ba5 7. d5 exd5 8. cxd5 0-0 9. Nf4 Ne4 10. Bd2 Nxd2 11. Qxd2 Bf5 12. Bd3 Bxd3 13. Qxd3 1/2-1/2

[Event "Tuapse Amaks Resort op"]
[Site "Tuapse"]
[Date "2021.08.31"]
[Round "2"]
[White "Yumshanov, Leonid"]
[Black "Tsybulkin, Ivan"]
[Result "0-1"]
[WhiteElo "1872"]
[BlackElo "1686"]
[PlyCount "122"]
[EventDate "2021.08.30"]
[EventType "swiss"]
[EventRounds "9"]
[EventCountry "RUS"]
[SourceTitle "CBM 204 Extra"]
[Source "ChessBase"]
[SourceDate "2021.11.30"]
[SourceVersion "1"]
[SourceVersionDate "2021.11.30"]
[SourceQuality "1"]

1. d4 d5 2. c4 dxc4 3. e3 Nf6 4. Bxc4 e6 5. Nf3 c5 6. 0-0 Nc6 7. Qe2 cxd4 8. Rd1 Be7 9. exd4 0-0 10. Nc3 Nb4 11. Ne5 Nbd5 12. Rd3 Nb4 13. Rg3 Qxd4 14. Bh6 Ne8 15. Rd1 Qh4 16. Rh3 Qf6 17. a3 Nc6 18. Ng4 Qg6 19. Rg3 f5 20. Bd3 Kh8 21. Bf4 Qh5 22. Ne5 Qxe2 23. Bxe2 Nxe5 24. Bxe5 Bf6 25. f4 Bxe5 26. fxe5 b6 27. Bf3 Rb8 28. Rd8 Kg8 29. Bc6 Nc7 30. Rgd3 Ba6 31. Rxb8 Bxd3 32. Rb7 Na6 33. Rxa7 g5 34. Kf2 Nb8 35. Bb5 Bxb5 36. Nxb5 Nc6 37. Rb7 Rb8 38. Rxb8+ Nxb8 39. Nd4 Kf7 40. b4 Ke7 41. Ke3 Kd7 42. b5 Ke7 43. a4 Nd7 44. Nc6+ Ke8 45. Kd4 h5 46. a5 bxa5 47. Nxa5 Kd8 48. Nb7+ Kc7 49. Nd6 h4 50. Nf7 g4 51. Ke3 Kb6 52. Kf4 Kxb5 53. Kg5 Kc5 54. Kxh4 Kd5 55. Kg5 Nxe5 56. Nxe5 Kxe5 57. h4 gxh3 58. gxh3 f4 59. Kg4 Ke4 60. h4 f3 61. Kh3 Ke3 0-1

[Event "Cheliabinsk Panchenko Memorial op-A"]
[Site "Cheliabinsk"]
[Date "2020.09.15"]
[Round "9"]
[White "Yumshanov, Leonid"]
[Black "Shaymardanov, Bakhtiyar"]
[Result "1-0"]
[WhiteElo "1869"]
[BlackElo "1852"]
[PlyCount "67"]
[EventDate "2020.09.07"]
[EventType "swiss"]
[EventRounds "9"]
[EventCountry "RUS"]
[SourceTitle "CBM 198 Extra"]
[Source "ChessBase"]
[SourceDate "2020.11.30"]
[SourceVersion "1"]
[SourceVersionDate "2020.11.30"]
[SourceQuality "1"]

1. d4 d5 2. c4 c6 3. Nf3 Nf6 4. e3 Bf5 5. Nc3 e6 6. Nh4 Be4 7. Qb3 Qc7 8. f3 Bg6 9. Bd2 Nbd7 10. 0-0-0 Be7 11. Be1 dxc4 12. Bxc4 b5 13. Be2 b4 14. Nxg6 hxg6 15. Bg3 Bd6 16. Qxb4 e5 17. Qc4 Nb6 18. Qd3 Nbd5 19. e4 Nxc3 20. Qxc3 Nd7 21. dxe5 Bxe5 22. Rxd7 Qxd7 23. Qxe5+ Kf8 24. Rd1 Qb7 25. Bc4 Rh5 26. Qd6+ Kg8 27. Qd7 Qxd7 28. Rxd7 Rc5 29. b3 a5 30. Bd6 Rh5 31. Rxf7 Kh7 32. g4 Rh3 33. Be5 Kh6 34. Bf1 1-0

[Event "Cheliabinsk Panchenko Memorial op-A"]
[Site "Cheliabinsk"]
[Date "2020.09.09"]
[Round "3"]
[White "Yumshanov, Leonid"]
[Black "Danzandorzhiev, Bulat"]
[Result "1-0"]
[WhiteElo "1869"]
[BlackElo "1738"]
[PlyCount "73"]
[EventDate "2020.09.07"]
[EventType "swiss"]
[EventRounds "9"]
[EventCountry "RUS"]
[SourceTitle "CBM 198 Extra"]
[Source "ChessBase"]
[SourceDate "2020.11.30"]
[SourceVersion "1"]
[SourceVersionDate "2020.11.30"]
[SourceQuality "1"]

1. d4 d5 2. c4 e6 3. Nc3 c6 4. e3 Nf6 5. Nf3 Nbd7 6. Bd3 dxc4 7. Bxc4 b5 8. Bd3 a6 9. e4 Bb7 10. 0-0 Be7 11. e5 Nd5 12. a4 Nxc3 13. bxc3 Nb6 14. axb5 cxb5 15. Nd2 Rc8 16. Ne4 Na4 17. Qg4 g6 18. Bd2 Bxe4 19. Bxe4 Nxc3 20. Bxc3 Rxc3 21. Rxa6 0-0 22. Rd1 Rc4 23. Bf3 Qd7 24. Rb6 Rd8 25. Rb7 Rc7 26. Rb6 Rc4 27. Rb7 Rc7 28. Rxc7 Qxc7 29. h4 b4 30. h5 b3 31. hxg6 hxg6 32. Be4 Kg7 33. g3 b2 34. Kg2 Qc3 35. Bb1 Rd5 36. Qf4 Bc5 37. Rh1 1-0

[Event "Eurasia Cup op"]
[Site "Ekaterinburg"]
[Date "2019.08.08"]
[Round "8"]
[White "Yumshanov, Leonid"]
[Black "Kolomensky, Vladimir"]
[Result "1/2-1/2"]
[WhiteElo "1864"]
[BlackElo "2101"]
[PlyCount "69"]
[EventDate "2019.07.31"]
[EventType "swiss"]
[EventRounds "9"]
[EventCountry "RUS"]
[SourceTitle "CBM 191 Extra"]
[Source "ChessBase"]
[SourceDate "2019.09.30"]
[SourceVersion "1"]
[SourceVersionDate "2019.09.30"]
[SourceQuality "1"]

1. d4 Nf6 2. c4 e6 3. Nc3 Bb4 4. e3 c5 5. Nge2 b6 6. a3 Ba5 7. g3 Bb7 8. d5 b5 9. Bg2 bxc4 10. 0-0 0-0 11. e4 exd5 12. e5 Ne8 13. Nxd5 Nc6 14. Bf4 Nc7 15. Nxc7 Bxc7 16. Nc3 Re8 17. Re1 Rb8 18. Ne4 Nxe5 19. Qh5 g6 20. Qh6 Bxe4 21. Rxe4 Ng4 22. Bxc7 Nxh6 23. Bxd8 Rexd8 24. Rxc4 Rxb2 25. Rxc5 Ng4 26. Rf1 d6 27. Rc7 d5 28. h3 Ne5 29. Rd1 Rb5 30. Rxa7 d4 31. a4 Rb2 32. Be4 Ra2 33. a5 Kg7 34. a6 Rd6 35. Ra1 1/2-1/2

[Event "Eurasia Cup op"]
[Site "Ekaterinburg"]
[Date "2019.08.07"]
[Round "7"]
[White "Yumshanov, Leonid"]
[Black "Safiullin, Alexandr"]
[Result "1-0"]
[WhiteElo "1864"]
[BlackElo "1691"]
[PlyCount "45"]
[EventDate "2019.07.31"]
[EventType "swiss"]
[EventRounds "9"]
[EventCountry "RUS"]
[SourceTitle "CBM 191 Extra"]
[Source "ChessBase"]
[SourceDate "2019.09.30"]
[SourceVersion "1"]
[SourceVersionDate "2019.09.30"]
[SourceQuality "1"]

1. d4 e6 2. c4 d5 3. Nc3 c6 4. e4 dxe4 5. Nxe4 Bb4+ 6. Bd2 Qxd4 7. Bxb4 Qxe4+ 8. Be2 Ne7 9. Nf3 Na6 10. Bc3 0-0 11. 0-0 Ng6 12. Bd3 Qg4 13. h3 Qf4 14. g3 Qc7 15. h4 Rd8 16. h5 Ne7 17. Qe2 Nf5 18. Rad1 Bd7 19. g4 Ne7 20. Qe4 f5 21. Qd4 e5 22. Nxe5 Be6 23. Nd7 1-0

[Event "Eurasia Cup op"]
[Site "Ekaterinburg"]
[Date "2019.08.03"]
[Round "4"]
[White "Yumshanov, Leonid"]
[Black "Tugarin, Anton"]
[Result "0-1"]
[WhiteElo "1864"]
[BlackElo "2217"]
[PlyCount "60"]
[EventDate "2019.07.31"]
[EventType "swiss"]
[EventRounds "9"]
[EventCountry "RUS"]
[SourceTitle "CBM 191 Extra"]
[Source "ChessBase"]
[SourceDate "2019.09.30"]
[SourceVersion "1"]
[SourceVersionDate "2019.09.30"]
[SourceQuality "1"]

1. d4 d5 2. c4 e6 3. Nc3 c6 4. e4 dxe4 5. Nxe4 Bb4+ 6. Bd2 Qxd4 7. Bxb4 Qxe4+ 8. Be2 a5 9. Bc3 f6 10. Nf3 Ne7 11. 0-0 Qf4 12. Re1 0-0 13. Qc2 Qc7 14. Bd3 h6 15. a3 c5 16. Re4 Nbc6 17. Rae1 e5 18. Nh4 Nf5 19. Ng6 Rd8 20. Rxe5 fxe5 21. Bxf5 Bxf5 22. Qxf5 Qf7 23. Qxf7+ Kxf7 24. Nxe5+ Nxe5 25. Bxe5 Re8 26. Kf1 Rad8 27. Bc3 a4 28. Rxe8 Rxe8 29. f3 h5 30. Kf2 Re7 0-1

[Event "Eurasia Cup op"]
[Site "Ekaterinburg"]
[Date "2019.08.01"]
[Round "2"]
[White "Yumshanov, Leonid"]
[Black "Monastyrenko, Nataliya"]
[Result "1-0"]
[WhiteElo "1864"]
[BlackElo "1053"]
[PlyCount "75"]
[EventDate "2019.07.31"]
[EventType "swiss"]
[EventRounds "9"]
[EventCountry "RUS"]
[SourceTitle "CBM 191 Extra"]
[Source "ChessBase"]
[SourceDate "2019.09.30"]
[SourceVersion "1"]
[SourceVersionDate "2019.09.30"]
[SourceQuality "1"]

1. Nf3 e6 2. g3 d5 3. Bg2 Nd7 4. d4 c5 5. 0-0 Qb6 6. c3 Ne7 7. b3 Nf5 8. Ba3 a5 9. e3 Be7 10. Nbd2 Qc6 11. c4 b6 12. Rc1 Bb7 13. Qc2 Nf6 14. Ne5 Qc7 15. Qb2 0-0 16. cxd5 exd5 17. Rc2 Rac8 18. Rfc1 Nd7 19. Nxd7 Qxd7 20. dxc5 Bf6 21. Qb1 bxc5 22. Rxc5 Rxc5 23. Rxc5 Re8 24. Qc2 Ba8 25. Rc7 Qe6 26. Bb2 Bxb2 27. Qxb2 Qd6 28. Qc2 Ne7 29. Qc5 Qd8 30. Nf3 f6 31. Nd4 Nc8 32. Ne6 Qd6 33. Rxc8 Qxe6 34. Rxa8 Kh8 35. Bxd5 Qd7 36. Qc6 Qxc6 37. Bxc6 Rxa8 38. Bxa8 1-0

[Event "Zudov Memorial 10th"]
[Site "Nizhnij Tagil"]
[Date "2014.09.13"]
[Round "3"]
[White "Yumshanov, Leonid"]
[Black "Povodyr, Alexander"]
[Result "1/2-1/2"]
[WhiteElo "1787"]
[BlackElo "1811"]
[PlyCount "82"]
[EventDate "2014.09.11"]
[EventType "swiss"]
[EventRounds "9"]
[EventCountry "RUS"]
[SourceTitle "CBM 162 Extra"]
[Source "ChessBase"]
[SourceDate "2014.10.17"]
[SourceVersion "1"]
[SourceVersionDate "2014.10.17"]
[SourceQuality "1"]

1. e4 c6 2. Nc3 d5 3. Nf3 dxe4 4. Nxe4 Bf5 5. Ng3 Bg6 6. h4 h6 7. Ne5 Qd6 8. d4 Nd7 9. Nxg6 Qxg6 10. Bd3 Qd6 11. Ne4 Qc7 12. Qf3 Ngf6 13. Bf4 Qa5+ 14. c3 0-0-0 15. b4 Qh5 16. Qxh5 Nxh5 17. Be3 e6 18. a4 f5 19. Be2 Nhf6 20. Nxf6 Nxf6 21. Bf3 Nd5 22. Bd2 Bd6 23. b5 c5 24. c4 Nc7 25. Rc1 b6 26. dxc5 Bxc5 27. Be3 Bb4+ 28. Ke2 e5 29. c5 e4 30. Bh5 bxc5 31. Bxc5 Rd2+ 32. Kf1 Bxc5 33. Rxc5 Rhd8 34. a5 R8d5 35. Rxd5 Nxd5 36. Rh3 f4 37. Ke1 e3 38. fxe3 fxe3 39. Bg4+ Kc7 40. Be6 Nf4 41. Rxe3 Rxg2 1/2-1/2

[Event "RUS-chT U20"]
[Site "Kaliningrad"]
[Date "2013.08.08"]
[Round "7"]
[White "Grinblat, Artemiy"]
[Black "Yumshanov, Leonid"]
[Result "1-0"]
[WhiteElo "2054"]
[BlackElo "1756"]
[PlyCount "53"]
[EventDate "2013.08.02"]
[EventType "team-swiss"]
[EventRounds "9"]
[EventCountry "RUS"]
[SourceTitle "EXT 2018"]
[Source "ChessBase"]
[SourceDate "2017.10.13"]
[SourceVersion "1"]
[SourceVersionDate "2017.10.13"]
[SourceQuality "1"]

1. e4 c5 2. c3 g6 3. d4 cxd4 4. cxd4 d5 5. e5 Nc6 6. Nc3 Bg7 7. h3 f6 8. exf6 exf6 9. Nf3 Be6 10. Bf4 a6 11. Bd3 Nge7 12. 0-0 0-0 13. Re1 Bf7 14. Rc1 Re8 15. Na4 g5 16. Bh2 Bh6 17. Rc2 b5 18. Nc5 Nb4 19. Rce2 Nxd3 20. Qxd3 Bg6 21. Qb3 Ra7 22. Re6 Nf5 23. Rxe8+ Bxe8 24. Rxe8+ Qxe8 25. Qxd5+ Kg7 26. Qxf5 Re7 27. Bd6 1-0

[Event "RUS-chT U20"]
[Site "Kaliningrad"]
[Date "2013.08.02"]
[Round "1"]
[White "Yumshanov, Leonid"]
[Black "Polyantsev, Radzh"]
[Result "0-1"]
[WhiteElo "1756"]
[BlackElo "2069"]
[PlyCount "128"]
[EventDate "2013.08.02"]
[EventType "team-swiss"]
[EventRounds "9"]
[EventCountry "RUS"]
[SourceTitle "EXT 2018"]
[Source "ChessBase"]
[SourceDate "2017.10.13"]
[SourceVersion "1"]
[SourceVersionDate "2017.10.13"]
[SourceQuality "1"]

1. e4 e6 2. d4 d5 3. Nc3 dxe4 4. Nxe4 Nd7 5. Nf3 Ngf6 6. Bd3 Be7 7. 0-0 0-0 8. Qe2 b6 9. c3 Bb7 10. Ne5 c5 11. Nxd7 Qxd7 12. dxc5 Qd5 13. f3 Nxe4 14. Bxe4 Qxc5+ 15. Be3 Qc7 16. Bxb7 Qxb7 17. Bd4 Rad8 18. Rad1 Rd5 19. Rfe1 Rfd8 20. Be3 Qd7 21. Rxd5 Qxd5 22. b3 Bf6 23. c4 Qd6 24. g3 h5 25. Bf4 Qd4+ 26. Kg2 g6 27. Qe3 Qd7 28. Be5 Qd2+ 29. Qf2 Be7 30. Re2 Qd3 31. Re3 Qd1 32. Re1 Qd7 33. Qe3 f6 34. Bc3 e5 35. Qh6 Qf5 36. Re2 Rd1 37. Rd2 e4 38. Rxd1 Qxf3+ 39. Kh3 Qxd1 40. Qxg6+ Kf8 41. Qxe4 Qf1+ 42. Qg2 Qf5+ 43. g4 Qd3+ 44. Qg3 Qf1+ 45. Kh4 hxg4 46. Kxg4 Qe2+ 47. Kh3 Kf7 48. a4 a5 49. Bd4 Qf1+ 50. Kg4 f5+ 51. Kh5 Qd1+ 52. Kh6 Qxd4 53. Qg6+ Kf8 54. Qxf5+ Qf6+ 55. Qxf6+ Bxf6 56. Kg6 Bd4 57. Kf5 Ke7 58. Ke4 Bg1 59. Kd5 Kf6 60. Kc6 Kg5 61. Kb5 Bc5 62. b4 axb4 63. a5 bxa5 64. Kxc5 b3 0-1